000
00276nam a2200109Ia 4500
001
1272411
005
20260417151428.0
008
260417s9999 xx 000 0 und d
020
_a
9786256309401
245
0
_a
Kırık Kollar Ahalisi
_c
Gregory Maguire
260
_b
Ketebe Genç
999
_c
1272411
_d
1272411